Click Chain #31 for Jamie Onaitis - Statistics

General Stats
  • This quiz has been taken 66 times
  • The average score is 7 of 30
Answer Stats
Hint Answer % Correct
Jamie was born on... October 28
100%
which is also... National Chocolate Day
71%
which includes (but is not limited to)... White Chocolate
65%
which is where Jamie traveled when he was... Young
65%
who played Duke in the first round in... 2024
41%
who shares a first name with... Jason Kidd
29%
where one might fly if they plan on... Skiing
29%
who won a gold medal in... Beijing
24%
which is a last name held by... Brigham
24%
which was a nickname for... Jason Williams
24%
where one might celebrate... Yom Kippur
24%
which until 2000, had a hybrid sport with... Ballet
18%
who hails from... London
18%
which isn't far from... Oxford
18%
which is a building that might be found in... Salt Lake City
18%
who was born in... Vermont
18%
which ranks 6 spots ahead of... Yale
18%
who are signed to a label called... Capitol
12%
which is a song by... Red Hot Chili Peppers
12%
which was a platform offering... Californiacation
6%
who practiced... Catholicism
6%
which is the Alma Mater of internet sensation... Harrison Ratner
6%
which might be celebrated by... Jason Alexander
6%
which is not practiced by Jamie, unlike... Judaism
6%
who is apparently "terrible", unlike Led Zepellin
6%
who, in 2024, quoted... Tyler, the Creator
6%
whose colors inspired those of... La Jolla Country Day
0%
which is a activity similar to what might be done by... Merrick Hanna
0%
which was the year Jamie met... OG Anunoby
0%
who is known online as... Showtime
0%
No matching quizzes found
Score Distribution
Percent of People with Each Score
Percentile by Number Answered
Your Score History
You have not taken this quiz